Vive tu recuerdo (Record no. 10998)

MARC details
000 -CABECERA
campo de control de longitud fija 01059nam a22002657a 4500
001 - NÚMERO DE CONTROL
campo de control BRCA_9376
003 - IDENTIFICADOR DEL NÚMERO DE CONTROL
campo de control FranzMayer
005 - FECHA Y HORA DE LA ÚLTIMA TRANSACCIÓN
campo de control 20230918123850.0
008 - DATOS DE LONGITUD FIJA--INFORMACIÓN GENERAL
campo de control de longitud fija 230830b |||||||| |||| 00| 0 eng d
040 ## - FUENTE DE LA CATALOGACIÓN
Centro catalogador/agencia de origen MFM
Lengua de catalogación ESPAÑOL
Centro/agencia transcriptor MFM
050 #0 - SIGNATURA TOPOGRÁFICA DE LA BIBLIOTECA DEL CONGRESO
Número de clasificación GT4995
Número de documento/Ítem C45 1982
100 1# - ENTRADA PRINCIPAL--NOMBRE DE PERSONA
Código de función/relación Responsable
Nombre de persona Childs, Robert V.
9 (RLIN) 29407
240 ## - TÍTULO UNIFORME
Título uniforme Vive tu recuerdo
Medio Living Traditions in the Mexican Days of the Dead
Lenguaje de la obra Inglés/Español
245 0# - MENCIÓN DE TÍTULO
Título Vive tu recuerdo
Resto del título Living Traditions in the Mexican Days of the Dead
260 ## - PUBLICACIÓN, DISTRIBUCIÓN, ETC.
Lugar de publicación, distribución, etc. California, EE.UU.
Nombre del editor, distribuidor, etc. UCLA
Fecha de publicación, distribución, etc. 1982
300 ## - DESCRIPCIÓN FÍSICA
Extensión 64 P
Otras características físicas Ilustraciones
Dimensiones 28 cm
500 ## - NOTA GENERAL
Nota general Anexo 1
505 ## - NOTA DE CONTENIDO CON FORMATO
Nota de contenido con formato Texto en: español e inglésIncluye bibliografíaDirigido a: artistas, artesanos, antropólogos, sociólogos e historiadores
650 1# - PUNTO DE ACCESO ADICIONAL DE MATERIA--TÉRMINO DE MATERIA
Fuente del encabezamiento o término Vida cotidiana
Término de materia o nombre geográfico como elemento de entrada Costumbres y tradiciones
Subdivisión de forma Costumbres mexicanas
9 (RLIN) 29408
651 2# - PUNTO DE ACCESO ADICIONAL DE MATERIA--NOMBRE GEOGRÁFICO
Fuente del encabezamiento o término México
Nombre geográfico Dia de muertos
9 (RLIN) 29409
700 1# - PUNTO DE ACCESO ADICIONAL--NOMBRE DE PERSONA
Código de función/relación Respon
Nombre de persona Altman, Patricia B.
9 (RLIN) 29410
700 1# - PUNTO DE ACCESO ADICIONAL--NOMBRE DE PERSONA
Código de función/relación Trad.
Nombre de persona Quiñones, Hernán
9 (RLIN) 29411
710 1# - PUNTO DE ACCESO ADICIONAL--NOMBRE DE ENTIDAD CORPORATIVA
Código de función/relación Cool.
Nombre de entidad corporativa o nombre de jurisdicción como elemento de entrada Latin American Center
9 (RLIN) 29412
942 ## - ELEMENTOS DE PUNTO DE ACCESO ADICIONAL (KOHA)
Fuente del sistema de clasificación o colocación Library of Congress Classification
Tipo de ítem Koha Hemerográfico
Holdings
Estado de retiro Estado de pérdida Fuente del sistema de clasificación o colocación Estado dañado No para préstamo Código de colección Localización permanente Ubicación/localización actual Fecha de adquisición Total de préstamos Signatura topográfica completa Código de barras Fecha visto por última vez Precio válido a partir de Tipo de ítem Koha
El ejemplar forma parte de la colección y puede ser consultado según las políticas vigentes.   Library of Congress Classification     Fondo Contemporáneo Biblioteca del Museo Franz Mayer (Rogerio Casas-Alatriste) Biblioteca del Museo Franz Mayer (Rogerio Casas-Alatriste) 30/08/2023   GT4995 C45 1982 CONT10144 30/08/2023 30/08/2023 Hemerográfico